[Event "Moscow Time of the First U13"]
[Site "Moscow"]
[Date "2019.06.22"]
[Round "8"]
[White "Grunin, Denis"]
[Black "Borgolov, Amgalan"]
[Result "1-0"]
[WhiteElo "1471"]
[BlackElo "1194"]
[PlyCount "107"]
[EventDate "2019.06.17"]
[EventType "swiss"]
[EventRounds "9"]
[EventCountry "RUS"]
[SourceTitle "EXT 2021"]
[Source "ChessBase"]
[SourceDate "2020.10.23"]
[SourceVersion "1"]
[SourceVersionDate "2020.10.23"]
[SourceQuality "1"]

1. d4 c5 2. d5 e5 3. dxe6 fxe6 4. c4 Nf6 5. Nc3 Nc6 6. Nf3 d5 7. Bf4 Bd6 8. cxd5 Bxf4 9. dxc6 bxc6 10. Qxd8+ Kxd8 11. e3 Bc7 12. 0-0-0+ Ke7 13. Bc4 Nd5 14. e4 Nxc3 15. bxc3 Rf8 16. Rd3 Bb7 17. Rhd1 Rad8 18. Rxd8 Rxd8 19. Rxd8 Bxd8 20. Ng5 h6 21. Nxe6 g5 22. Nxc5 Ba8 23. Ne6 Bb6 24. f3 Bg1 25. h3 Bb7 26. Nd4 Kf6 27. Nf5 h5 28. Nd6 Ba8 29. Kc2 Ke5 30. Nf7+ Kf4 31. Kd2 g4 32. hxg4 hxg4 33. Be2 c5 34. Nd8 a5 35. Nf7 Bd5 36. exd5 gxf3 37. Bxf3 Kf5 38. d6 Ke6 39. Bd5+ Kd7 40. Bc4 Bf2 41. Bb5+ Ke6 42. d7 Bh4 43. d8Q Bxd8 44. Nxd8+ Kd6 45. g4 Ke7 46. Nc6+ Kf6 47. Nxa5 Kg5 48. Be2 Kf4 49. Nb7 c4 50. a4 Ke5 51. a5 Kd5 52. Bf3+ Ke6 53. a6 Kd7 54. a7 1-0